UM Logo

Upskill battle: (Record no. 5705)

MARC details
000 -LEADER
fixed length control field 00561nam a22001697a 4500
008 - FIXED-LENGTH DATA ELEMENTS--GENERAL INFORMATION
fixed length control field 161116b xxu||||| |||| 00| 0 eng d
022 ## - INTERNATIONAL STANDARD SERIAL NUMBER
International Standard Serial Number 01153544
082 ## - DEWEY DECIMAL CLASSIFICATION NUMBER
Classification number DPer 338.05 En86 Apr-Jul 2015 v. 15, n. 158-161
100 ## - MAIN ENTRY--PERSONAL NAME
9 (RLIN) 17488
Personal name Reyes, Bernadette
245 ## - TITLE STATEMENT
Title Upskill battle:
Remainder of title have a winning training strategy/
Statement of responsibility, etc. Bernadette Reyes.
260 ## - PUBLICATION, DISTRIBUTION, ETC. (IMPRINT)
Place of publication, distribution, etc. Philippines:
Name of publisher, distributor, etc. Summit Media,
Date of publication, distribution, etc. Apr-Jul 2015.
300 ## - PHYSICAL DESCRIPTION
Extent v15 n158, page 37:
Other physical details illustrations,
Dimensions 28 cm.
500 ## - GENERAL NOTE
General note Entrepreneur.
650 #0 - SUBJECT ADDED ENTRY--TOPICAL TERM
9 (RLIN) 18983
Topical term or geographic name as entry element Employees
General subdivision Training
942 ## - ADDED ENTRY ELEMENTS (KOHA)
Source of classification or shelving scheme Dewey Decimal Classification
Koha item type Periodicals
Holdings
Withdrawn status Lost status Source of classification or shelving scheme Damaged status Not for loan Collection code Home library Current library Date acquired Total Checkouts Full call number Date last seen Price effective from Koha item type Public note
    Dewey Decimal Classification     Periodicals UM Digos College - LIC UM Digos College - LIC 11/16/2016   DPer 338.05 En86 Apr-Jul 2015 v. 15, n. 158-161 11/16/2016 11/16/2016 Periodicals Periodical article